000
00480nam a2200181Ia 4500
008
090123s9999 xx 000 0 und d
082
_b
38190
100
_a
दिवाण वृंदा
245
_a
उ:शाप
250
_a
1
260
_b
पायल प्रकाशन
_c
2005
300
_a
192
600
_a
दिवाण वृंदा
630
_a
उ:शाप
700
_a
दिवाण वृंदा
730
_a
उ:शाप
942
_c
BOOK
999
_c
76257
_d
76257